000 00911nam a22003017a 4500
001 0056365
003 KOHA_MİRAKIL
005 20260207004048.0
007 ta
008 160315b1983 hk |||gr||||#0|||1|eng |
020 _a9780194341301
040 _aTR-BiSEU
_btur
_cTR-BiSEU
_erda
041 0 _aeng
044 _chk
050 _aPE1128.A2
_bA45 1983
100 1 _aAllen, Virginia French.
245 1 _aTechniques in teaching vocabulary/
_cVirginia French Allen ; Virginia French Allen.
264 1 _aHong Kong :
_bOxford University Press
_c1983
300 _a136 pages; 23 cm.
336 _ametin
_btxt
_2rdacontent
337 _aaracısız
_bn
_2rdamedia
338 _acilt
_bnc
_2rdacarrier
500 _aReferences.
650 0 _aEnglish language--Study and teaching--Foreign speakers.
_911598
650 0 _aVocabulary--Study and teaching.
_994364
907 _aDil
942 _2lcc
_cBK
999 _c56173
_d56173